تحریک احمدیت (Record no. 77712)
[ view plain ]
| 000 -LEADER | |
|---|---|
| fixed length control field | 00437nam a22001457a 4500 |
| 005 - DATE AND TIME OF LATEST TRANSACTION | |
| control field | 20151022111020.0 |
| 008 - FIXED-LENGTH DATA ELEMENTS--GENERAL INFORMATION | |
| fixed length control field | 151022b xxu||||| |||| 00| 0 eng d |
| 040 ## - CATALOGING SOURCE | |
| Transcribing agency | PK-LaUMT |
| 082 ## - DEWEY DECIMAL CLASSIFICATION NUMBER | |
| Classification number | KHC 297.86 |
| Item number | BAS-T |
| 100 ## - MAIN ENTRY--PERSONAL NAME | |
| Personal name | بشیر احمد |
| 245 ## - TITLE STATEMENT | |
| Title | تحریک احمدیت |
| Remainder of title | یہودی و سامراجی گٹھ جوڑ |
| Statement of responsibility, etc | بشیر احمد |
| 260 ## - PUBLICATION, DISTRIBUTION, ETC. (IMPRINT) | |
| Place of publication, distribution, etc | لاہور |
| Name of publisher, distributor, etc | عبداللہ اکادمی |
| Date of publication, distribution, etc | [ ] |
| 300 ## - PHYSICAL DESCRIPTION | |
| Extent | 987 ص |
| 942 ## - ADDED ENTRY ELEMENTS (KOHA) | |
| Koha item type | Books |
| Withdrawn status | Lost status | Damaged status | Home library | Current library | Date acquired | Full call number | Barcode | Date last seen | Price effective from | Koha item type |
|---|---|---|---|---|---|---|---|---|---|---|
| UMT Main Campus | UMT Main Campus | 2015-10-22 | KHC 297.86 BAS-T | 68972 | 2019-02-20 | 2015-10-22 | Books |
